00281nam a2200109Ia 4500008004100000041000800041082001600049100002200065245003300087260004300120300000800163230511s1969 xx 000 0 und d aeng a345.4202523 aGoodman Jonathan  aThe Killing of Julia Wallace aLondonbGeorge G.Harrap & Co Ltdc1969 a323